[Event "ESP-ch U12 rapid"]
[Site "Salobrena"]
[Date "2023.07.16"]
[Round "5"]
[White "Bozhkov Stoyanov, Cristopher"]
[Black "Gimeno Torres, Laura"]
[Result "1-0"]
[WhiteElo "1434"]
[BlackElo "1103"]
[PlyCount "81"]
[EventDate "2023.07.15"]
[EventType "swiss (rapid)"]
[EventRounds "9"]
[EventCountry "ESP"]
[SourceTitle "EXT 2024"]
[Source "ChessBase"]
[SourceDate "2023.10.10"]
[SourceVersion "1"]
[SourceVersionDate "2023.10.10"]
[SourceQuality "1"]

1. d4 d5 2. Nf3 Nf6 3. c4 e6 4. Nc3 c5 5. e3 Be7 6. b3 0-0 7. Bd3 cxd4 8. exd4 b6 9. 0-0 Bb7 10. Qc2 h6 11. Ne5 Nc6 12. Ne2 Rc8 13. Be3 Bd6 14. f4 Na5 15. Qd2 Bxe5 16. fxe5 Ne4 17. Bxe4 dxe4 18. Bxh6 Re8 19. Qf4 Qe7 20. Qg3 g6 21. Rf6 Rc7 22. Raf1 Qd8 23. Kh1 Ree7 24. Bg5 Qf8 25. R6f4 f5 26. exf6 Rh7 27. Bh4 Qf7 28. Rg4 Rh6 29. Nf4 Kh7 30. Nxg6 Rxg6 31. Rxg6 Qxg6 32. Qxc7+ Kh6 33. Qf4+ Kh7 34. f7 e3 35. f8N+ Kg7 36. Nxg6 Bxg2+ 37. Kxg2 e2 38. Qf6+ Kh7 39. Nf8+ Kg8 40. Qf7+ Kh8 41. Bf6# 1-0

[Event "ESP-ch U12 rapid"]
[Site "Salobrena"]
[Date "2023.07.16"]
[Round "9"]
[White "Gimeno Torres, Laura"]
[Black "Sanchez Villodres, Mario"]
[Result "0-1"]
[WhiteElo "1103"]
[BlackElo "1298"]
[PlyCount "146"]
[EventDate "2023.07.15"]
[EventType "swiss (rapid)"]
[EventRounds "9"]
[EventCountry "ESP"]
[SourceTitle "EXT 2024"]
[Source "ChessBase"]
[SourceDate "2023.10.10"]
[SourceVersion "1"]
[SourceVersionDate "2023.10.10"]
[SourceQuality "1"]

1. e4 e6 2. d4 d5 3. exd5 exd5 4. Bd3 Bd6 5. Qf3 c6 6. Ne2 Nf6 7. h3 0-0 8. Bg5 Be7 9. 0-0 h6 10. Bf4 Bd6 11. Nbc3 Re8 12. Ng3 Be6 13. Rfe1 Qc7 14. Bxd6 Qxd6 15. Nf5 Qd7 16. Re2 Na6 17. Ng3 Nb4 18. Rae1 Nxd3 19. Qxd3 a6 20. Na4 Qc7 21. Nc5 Bd7 22. Nxd7 Qxd7 23. c3 Rxe2 24. Rxe2 Re8 25. Rxe8+ Qxe8 26. Qd1 Qe7 27. Kf1 Ne4 28. Nxe4 Qxe4 29. a3 g6 30. b3 Kg7 31. c4 dxc4 32. bxc4 Kh7 33. c5 Kg7 34. a4 Qd5 35. Kg1 Qe4 36. Kf1 Qe6 37. Kg1 Kh7 38. Kf1 Qc4+ 39. Kg1 Kg7 40. Kh1 Qa2 41. Kg1 Kf6 42. Qf3+ Kg7 43. Qd1 Qd5 44. Kf1 Kf6 45. Kg1 h5 46. Kf1 Qe4 47. Kg1 Qd5 48. Kf1 Kg7 49. Kg1 Qd7 50. Qa1 Qd5 51. Qd1 Qe6 52. Qa1 Qf6 53. Qb2 Qe7 54. Qa1 Kh7 55. Kf1 Qd7 56. Kg1 Qe7 57. Kf1 Qe6 58. Kg1 Qc4 59. Kh1 Qe2 60. Kg1 Qe6 61. Kf1 Qd5 62. Kg1 Kg7 63. Kf1 f6 64. Kg1 Kf7 65. Qb1 Qd7 66. Qb3+ Kg7 67. Qb2 g5 68. Qa1 Qe6 69. Kf1 g4 70. hxg4 hxg4 71. Kg1 Kf7 72. Qd1 f5 73. Kf1 Kg6 0-1

[Event "ESP-ch U12"]
[Site "Salobrena"]
[Date "2023.07.14"]
[Round "7"]
[White "Mulet Polo, Pau"]
[Black "Gimeno Torres, Laura"]
[Result "1-0"]
[WhiteElo "1495"]
[BlackElo "1239"]
[PlyCount "110"]
[EventDate "2023.07.10"]
[EventType "swiss"]
[EventRounds "9"]
[EventCountry "ESP"]
[SourceTitle "EXT 2024"]
[Source "ChessBase"]
[SourceDate "2023.10.10"]
[SourceVersion "1"]
[SourceVersionDate "2023.10.10"]
[SourceQuality "1"]

1. d4 d5 2. Bf4 Nf6 3. Nf3 e6 4. e3 c5 5. Nbd2 Bd6 6. c3 Nc6 7. Bg3 b6 8. Bd3 Bb7 9. Ne5 0-0 10. f4 Qc7 11. 0-0 Rfe8 12. Qf3 Rf8 13. Bh4 Be7 14. Qh3 Nxe5 15. fxe5 Ne4 16. Bxe4 dxe4 17. Bxe7 Qxe7 18. Rf4 f5 19. exf6 Rxf6 20. Rh4 h6 21. Nxe4 Bxe4 22. Rxe4 Rd8 23. Rf1 Rdf8 24. Rxf6 Rxf6 25. Qg3 Kh7 26. Qe5 a6 27. Rf4 a5 28. Rxf6 gxf6 29. Qe4+ Kg7 30. d5 e5 31. Qg4+ Kh7 32. c4 e4 33. Qf4 Kg7 34. Qb8 a4 35. a3 f5 36. d6 Qg5 37. Qb7+ Kg6 38. Kf2 Qh4+ 39. Kf1 Qxh2 40. Qd5 Qh1+ 41. Kf2 Qh4+ 42. Kf1 Qh1+ 43. Kf2 Qh4+ 44. Ke2 Qg4+ 45. Kf1 Qh4 46. d7 Qh1+ 47. Kf2 Qh4+ 48. Ke2 Qh5+ 49. Kd2 Qh1 50. d8Q Qxg2+ 51. Kc3 Qf1 52. Qd1 Qxd1 53. Qxd1 h5 54. Qg1+ Kh6 55. Qg3 Kh7 1-0

[Event "ESP-ch U12"]
[Site "Salobrena"]
[Date "2023.07.13"]
[Round "6"]
[White "Gimeno Torres, Laura"]
[Black "Morales Anadon, Javier"]
[Result "1/2-1/2"]
[WhiteElo "1239"]
[BlackElo "1515"]
[PlyCount "39"]
[EventDate "2023.07.10"]
[EventType "swiss"]
[EventRounds "9"]
[EventCountry "ESP"]
[SourceTitle "EXT 2024"]
[Source "ChessBase"]
[SourceDate "2023.10.10"]
[SourceVersion "1"]
[SourceVersionDate "2023.10.10"]
[SourceQuality "1"]

1. e4 e5 2. Nf3 Nf6 3. Nc3 Nc6 4. d4 exd4 5. Nxd4 Bb4 6. Nxc6 bxc6 7. Bd3 0-0 8. 0-0 h6 9. h3 Re8 10. Re1 d5 11. exd5 Rxe1+ 12. Qxe1 cxd5 13. a3 Bd6 14. Bd2 Bb7 15. Rd1 Nh5 16. Ne2 Qf6 17. Bc3 Qd8 18. Bd2 Qf6 19. Bc3 Qd8 20. Bd2 1/2-1/2

[Event "ESP-ch U10"]
[Site "Salobrena"]
[Date "2022.07.09"]
[Round "9"]
[White "Gimeno Torres, Laura"]
[Black "Jimenez Haneda, Naoki"]
[Result "1/2-1/2"]
[WhiteElo "1125"]
[BlackElo "1294"]
[PlyCount "65"]
[EventDate "2022.07.04"]
[EventType "swiss"]
[EventRounds "9"]
[EventCountry "ESP"]
[SourceTitle "EXT 2023"]
[Source "ChessBase"]
[SourceDate "2022.10.05"]
[SourceVersion "1"]
[SourceVersionDate "2022.10.05"]
[SourceQuality "1"]

1. e4 d5 2. exd5 Nf6 3. Nc3 Nxd5 4. d4 Nxc3 5. bxc3 Bf5 6. Bc4 e6 7. Nf3 Nc6 8. 0-0 Be7 9. Bb5 Qd5 10. Be2 0-0-0 11. c4 Qd7 12. Be3 Rdg8 13. d5 exd5 14. cxd5 Nb4 15. Ne5 Qe8 16. c3 Nc2 17. Rc1 Nxe3 18. fxe3 Bc5 19. Nc4 Bxe3+ 20. Nxe3 Qxe3+ 21. Kh1 Bg6 22. Bg4+ Kb8 23. Qb3 Qb6 24. Qd1 h5 25. Bf5 h4 26. Bxg6 Qxg6 27. h3 Rd8 28. Qf3 Qd6 29. Rcd1 f6 30. Qg4 g5 31. Qd4 Rdf8 32. Rd2 Rhg8 33. Qg4 1/2-1/2